000 00354nam a2200157 4500
008 190319s1987||||xo d
100 1 _aPilková Sona
_9970
245 1 0 _aHráme sa pre radost
250 _a1. vydanie
260 _bSmena
_aBratislava
_c1987
300 _a107 s.
020 _c0
041 1 _aslo
044 _axo
_cSK
958 _aAPR
999 _c22231
_d22231